Simposio nacional de investigación sobre la innovación educativa : teoría, consideraciones éticas y prácticas, metodología y cambio educativo.

Gorde:
Xehetasun bibliografikoak
Egile nagusia: Singh, Kathryn ; [et al.] (autor)
Formatua: Liburua
Hizkuntza:gaztelania
Gaiak:
Etiketak: Etiketa erantsi
Etiketarik gabe, Izan zaitez lehena erregistro honi etiketa jartzen!

MARC

LEADER 00000nam^a2200000^u^4500
001 000502309
005 20250521000000.0
008 080430s1000^^^^^^^^^^^^r^^^^^000^0^spa^d
009 20260310125824.458
035 |a FCE 000046499 
037 |a Acervo ITESO - Biblioteca 
041 |a spa 
082 0 4 |a 370.78060  |b SINs 
100 |a Singh, Kathryn ;  |d [et al.]  |e (autor) 
245 1 0 |a Simposio nacional de investigación sobre la innovación educativa :  |b teoría, consideraciones éticas y prácticas, metodología y cambio educativo. 
264 |a Monterrey, México :  |b ITESM,  |c 2006. 
300 |a 202 p. 
336 |a texto  |b txt  |2 rdacontenido 
337 |a sin mediación  |b n  |2 rdamedio 
338 |a volumen  |b nc  |2 rdasoporte 
649 |a XX 
650 |a Educación superior 
650 |a Educación básica 
650 |a Cambio de la educación 
650 |a Innovación educativa 
650 |a Simposio 
650 |a Investigación educativa 
650 |a México 
910 |a Fondo Centro de Estudios Educativos 
920 |a Impresos - Libros 
930 |a Fondos Especiales 
905 |a 133 
901 |a ALE063015  |b IT2  |c CEE  |u 20250521 
902 |a https://opac.biblio.iteso.mx/vufind/Record/000502309